सावली (Record no. 405129)

MARC details
000 -LEADER
fixed length control field 00385nam a2200145Ia 4500
008 - FIXED-LENGTH DATA ELEMENTS--GENERAL INFORMATION
fixed length control field 100122s9999 xx 000 0 und d
082 ## - DEWEY DECIMAL CLASSIFICATION NUMBER
Item number 14757
Classification number 823
100 ## - MAIN ENTRY--PERSONAL NAME
Personal name कुलकर्णी निर्मला
245 ## - TITLE STATEMENT
Title सावली
260 ## - PUBLICATION, DISTRIBUTION, ETC. (IMPRINT)
Name of publisher, distributor, etc ललित वैभव
Date of publication, distribution, etc 1967
300 ## - PHYSICAL DESCRIPTION
Extent 139
630 ## - SUBJECT ADDED ENTRY--UNIFORM TITLE
Uniform title सावली
730 ## - ADDED ENTRY--UNIFORM TITLE
Uniform title सावली
942 ## - ADDED ENTRY ELEMENTS (KOHA)
Koha item type Book

No items available.